[Event "WPL:Cardigan-White Knights"]
[Site "?"]
[Date "2018.12.02"]
[Round "2.4"]
[White "Van Kemenade, Rudy"]
[Black "Garcia, Jason"]
[Result "0-1"]
[WhiteElo "1954"]
[BlackElo "2020"]
[Annotator "kemen"]
[PlyCount "118"]
[EventDate "2018.12.02"]

1. f4 d5 2. Nf3 c5 (2... g6 3. g3 Bg7 4. Bg2 Nh6 5. d3 d4 6. c4 O-O 7. O-O Nf5
8. Na3 c5 9. Nc2 Nc6 10. Qe1 a5 {Van Kemenade-Garcia,WCPl 2017,0-1}) 3. g3 Nc6
4. Bg2 Nf6 5. d3 g6 6. O-O Bg7 7. c3 (7. Nc3) 7... O-O 8. Na3 Rb8 (8... b6 9.
Qa4 Bd7 10. e4 (10. Qc2 d4 11. e4 {Van Kemenade-Brown, WLS ch 2017,1-0}) 10...
dxe4 11. dxe4 Nd4 12. Qd1 Nxf3+ 13. Bxf3 Bc6 {Van Kemenade-Young, WLS ch 2017,
0-1}) 9. Ne5 Qb6 (9... Qc7 {main} 10. Qa4 Nxe5 11. fxe5 Bd7 12. Qh4 Qxe5 13. e4
dxe4 14. Bf4 {Danielsen-Lauber, BL 2 Nord 2001,1-0}) (9... Nxe5 10. fxe5 Ne8
11. Bf4 (11. d4 cxd4 12. cxd4 Nc7 13. Nc2 Be6 14. Bf4 {Casper-Boensch, Meissen
Junior 1975,1/2-1/2}) 11... Nc7 12. d4 cxd4 13. cxd4 Ne6 14. Be3 Qb6 15. Qb3
$14 {Lodici-Ozen, EU ch U214, Batumi 2014,1-0}) 10. Nxc6 (10. Kh1 {main} Be6
11. Nf3 Rfd8 12. Qc2 d4 13. Bd2 Rbc8 14. h3 Bd5 15. g4 {Danielsen-Soukup,
Pardubice Chladek& Tintero op 2008,1-0}) 10... bxc6 11. Kh1 Ba6 (11... Rd8 12.
Qc2 Ba6 13. Rb1 Rd7 14. Be3 Qa5 15. Rbe1 Ne8 16. Bc1 Nd6 17. Rg1 Nb5 18. Nxb5
cxb5 19. Bd2 Qd8 $11 {Molano Lafuente-Moya Albaladejo, Almeria Sola mem 2015,1/
2-1/2}) 12. h3 (12. f5 Ng4 13. Bh3 h5 14. Nc2 c4 15. d4 gxf5 16. Rxf5 e6 17.
Bxg4 exf5 18. Bxh5 Bc8 19. Bf4 Qxb2 20. Bxb8 Qxb8 21. Rb1 Qd6 $11 {Komodo12})
12... Rbd8 (12... e5 13. f5 e4 14. g4 exd3 15. exd3 Nd7 16. c4 Qc7 17. Rb1 Qd6
18. Bf4 Be5 19. Bxe5 Nxe5 20. b3 Rbe8 21. Qd2 f6 22. Rbe1 Rf7 23. Qa5 Bc8 24.
cxd5 cxd5 25. d4 cxd4 26. Nb5 Qa6 27. Qxa6 Bxa6 28. Nd6 Bxf1 29. Nxe8 Bxg2+ 30.
Kxg2 Nc6 31. Re6 d3 32. fxg6 hxg6 33. Nxf6+ Kg7 34. Nxd5 Rd7 35. Rxc6 Rxd5 36.
Rc1 d2 37. Rd1 Kh6 38. Kf3 Kg5 39. Ke3 Kh4 40. Rxd2 Rxd2 41. Kxd2 Kxh3 42. g5
Kh4 43. b4 Kxg5 $11 {Komodo12}) 13. Qe1 d4 (13... c4 14. dxc4 Ne4 15. Bxe4 dxe4
16. Qf2 c5 17. Rb1 Bc8 18. Kg2 e3 19. Bxe3 Qe6 20. g4 h5 21. Qg3 $11 {Komodo12,
an unlikely human sequence}) 14. c4 h5 (14... Bc8) 15. Nc2 (15. Rb1) 15... Bc8
16. b4 (16. Rb1 Bf5 17. Bd2 Qb7 18. b4 Qc8 19. Kh2 cxb4 20. Nxb4 Rd6 21. c5 Re6
22. Qf2 Rd8 23. Nc2 Qa6 24. a3 Nd7 25. Rfc1 $16 {Komodo12} Nxc5 26. Nb4 Qa5 27.
Be1 Rc8 28. Bf3 Na6 29. g4 Nxb4 30. axb4 Qc7 31. gxf5 Qxf4+ 32. Kh1 Qxf5 33.
Qg2 $18) 16... cxb4 17. Qxb4 Qc7 (17... c5 18. Qxb6 axb6 19. Rb1 Rd6 20. Na3
Re6 21. Bf3 Bd7 22. Nb5 Bc6 23. Bxc6 Rxc6 24. f5 Nh7 25. Kg2 Ra8 26. a3 Be5 27.
Bf4 Bxf4 28. Rxf4 g5 29. Rff1 $11 {Komodo12}) 18. Qc5 (18. Ba3 Nd7 {expected}
19. Qxe7 Rfe8 20. Qd6 Qxd6 21. Bxd6 Rxe2 22. Nb4 c5 23. Nd5 Nb6 24. Ne7+ Kh7
25. Bxc5 Re3 26. Nc6 Rd7 27. Rfd1 (27. Nxa7 Rxa7 28. Bxb6 Ra3 29. Kh2 Rexd3 30.
Rfd1 Rxg3 31. Bc5 Rac3 32. Bxd4 Bxd4 33. Rxd4 Bxh3 34. Bd5 Bf5) (27. f5 Bb7 28.
f6 Bh6 29. Na5 Bxg2+ 30. Kxg2 Rxd3 31. Rad1 Rxd1 32. Rxd1 Na4 33. Bxd4 Be3 34.
Rd3 Bxd4 35. Nb3 Nb2 36. Rxd4 Rxd4 37. Nxd4 Nxc4 $11) 27... Na4 28. Ba3 Rxg3
$17 {Komodo12}) 18... Bb7 {buries the B} (18... Rd6 19. Bd2 Nd7 20. Qa5 (20.
Ba5 Nxc5 21. Bxc7 Re6 22. Rfe1 Na4 23. Bf3 (23. Nb4 Bd7 24. Na6 Rc8 25. Ba5 Re3
26. Kh2 Nc3 27. Bf3 Bf5 28. Kg2 e5 29. fxe5 Bxe5 30. Bb4 g5 31. g4 hxg4 32.
hxg4 Bxg4 33. Bxc3 dxc3 34. Kf2 Bd4 35. Bxg4 f5 36. Bh5 Kg7 37. Nb4 Kf6 38. Nc2
Rxd3+ 39. Nxd4 Rxd4 40. Bf3 g4 41. Bg2 Rxc4 42. Rac1 Rb8 43. Rc2 Rb2 44. Rec1
Rxc2 45. Rxc2 Ke5 46. e3 f4 47. exf4+ Kxf4 $14 {doubtful if Wh can win}) 23...
c5 24. Rab1 Nc3 25. Rb2 Ra6 26. Kh2 Bd7 27. a3 $11 {Komodo12})) 19. Bd2 (19.
Rb1 Ba8 20. Bd2) (19. Qxa7 {looked too risky} Ra8 (19... Nd7 20. Rb1 $18) 20.
Qxd4 (20. Qc5 Nd7 21. Qg5 Bf6 22. Qh6 Bg7 (22... c5 23. f5 Bg7 24. Qf4 Be5 25.
Qh6 Bxg2+ 26. Kxg2 Qc6+ 27. Kh2 Bg7 28. Qg5 Ne5 $11 {Komodo12- Bl has
compensation for the pawn}) 23. Qg5 Bf6 $11) 20... h4 21. Rb1 Nh5 22. Qb6 Qxb6
23. Rxb6 Nxg3+ 24. Kh2 Rxa2 $19 {Komodo12}) 19... Nd7 20. Qa5 Qxa5 21. Bxa5 $14
Rc8 (21... Rb8 22. Rab1 Rfc8 23. f5 Be5 24. fxg6 fxg6 25. Be4 Kg7 26. Bd2 Rc7
27. Ba5 Rcc8 28. Bd2 $11 {Komodo12}) 22. Rab1 Ba8 23. Nb4 (23. Kh2 f5 24. Ne1
Rfe8 25. Nf3 e5 26. fxe5 Nxe5 27. Bd2 Nxf3+ 28. Bxf3 c5 29. Rf2 Bxf3 30. exf3
Bf6 $11 {Komodo12}) (23. Ne1 e5 24. f5 Bh6 25. Nf3 Be3 26. Bd2 Bxd2 27. Nxd2
Rb8 28. fxg6 fxg6 29. Rxf8+ Kxf8 30. Rxb8+ Nxb8 31. Be4 Kf7 32. Nb3 Bb7 33. Nc5
Bc8 34. Kg2 $14 {Komodo12}) 23... Nc5 24. Nc2 Na6 (24... Na4 25. Rb3 c5 26.
Bxa8 Rxa8 27. Rb7 e5 28. f5 Rfb8 29. Rb3 (29. Rfb1 Rxb7 30. Rxb7 gxf5 $15)
29... Rb7 (29... Nc3 30. Bxc3 Rxb3 31. axb3 dxc3 32. fxg6 fxg6 33. Kg2 Rb8 34.
Rb1 e4 35. dxe4 a5 36. Kf3 Rf8+ 37. Kg2 Rd8 38. Kf3 Rd2 39. Rc1 Kf7 40. Ne1 g5
41. g4 h4 42. Nd3 Bd4 43. Ne1 Kf6 44. Nc2 Be5 45. Ne1 Ke6 $17 (45... Rb2 46.
Nd3 Rxb3 47. Nxc5 $11) 46. Nc2 Bh8 47. Ne1 Bd4 48. Nc2 {repetition})) 25. Bd2
e6 26. Bc1 Rfd8 27. Ba3 Bf8 28. Rb3 (28. Bxf8 Kxf8 29. Rb3 c5 30. Rfb1 $14)
28... Nc5 29. Bxc5 Bxc5 30. Rfb1 Kf8 (30... a5) 31. Nb4 Bxb4 (31... h4 32. Na6
Be7 33. g4 f5 34. gxf5 exf5 35. c5 Kf7 36. Rb4 g5 37. fxg5 Bxg5 38. Ra4 Be7 39.
Bf3 $11 {Komodo12}) 32. Rxb4 c5 33. Rb5 Bxg2+ 34. Kxg2 Rc7 $14 {(draw?)} 35.
Kf3 Ke7 36. Rb7 (36. Ra5 {keeping Rs on looked more complex} Rd6 37. Rbb5 Rdc6
38. Rb8 Rd7 39. Ra8 Rcc7 40. g4 hxg4+ 41. hxg4 Kd6 42. g5 Ke7 43. Ke4 Kd6 44.
Ra6+ Ke7 45. a4 Rb7 46. Rc6 Rb2 47. Kf3 Rb4 48. a5 Ra4 49. Rxc5 $18 (49. Ra6
$18 {Komodo12})) 36... Rxb7 37. Rxb7+ Rd7 38. Rb5 (38. Rxd7+ Kxd7 $11) 38...
Rc7 39. g4 hxg4+ 40. hxg4 Kd6 41. g5 (41. Ra5) 41... Re7 (41... Rc6 42. Rb7 Rc7
43. Rxc7 Kxc7 44. e3 dxe3 45. Kxe3 Kd6 46. d4 $18) 42. Ke4 $18 (42. Ra5 Rb7 (
42... e5 43. Ra6+ $18) 43. Ra6+ Kc7 (43... Ke7 44. Rc6) 44. a4 Kd7 45. Ke4 Kc7
46. Ke5 Rb2 47. Rxa7+ Kb6 48. Rxf7 Rxe2+ 49. Kf6 Re3 50. Kxg6 Rxd3 51. Kf6 $18
{Komodo12}) 42... Rc7 (42... e5 43. f5 gxf5+ 44. Kxf5 e4 45. dxe4 Kc6 46. e5
Re6 47. Ra5 Kb6 48. Ra3 Re7 49. Rb3+ Kc6 50. Rh3 $18 (50. Kf6 Re6+ 51. Kxf7
Rxe5 52. g6 Rxe2 53. Rg3 $18)) 43. Ra5 Rb7 44. Ra6+ Rb6 45. Rxb6+ {in the
belief a K & P ending would be simpler- it isn't} (45. Rxa7 {was the original
intention} Rb2 46. Kf3 Kc6 (46... Rb1 47. Rxf7 Ra1 48. Rg7 Rxa2 49. Rxg6 Ra1
50. Kf2 Ke7 51. Rg7+ Kf8 52. Rc7 Ra5 53. Kf3 $18) 47. Rxf7 Rxa2 48. Rf6 Kd7 49.
Rxg6 Ra1 50. Kf2 Ra8 51. Rg7+ Kd6 52. Rf7 (52. g6 Rh8 53. Ra7 Rh2+ 54. Kf3 Rh1
55. g7 Rg1 56. Ra6+ Ke7 57. Ra8 $18) 52... Rg8 53. Kf3 e5 54. Rf6+ Ke7 55. Rf5
exf4 56. Rxc5 $18 {Komodo12}) 45... axb6 46. a3 {Which is also Komodo12's
choice-trying to have another tempo to get the K in, but later} (46. a4 {would
have made all the difference}) 46... Kd7 (46... Ke7 47. Ke5 (47. e3) 47... Kd7
48. Kf6 Ke8 49. Kg7 Ke7 {holds}) 47. e3 dxe3 48. Kxe3 Ke7 49. d4 cxd4+ 50. Kxd4
$18 f6 (50... Kd6 51. c5+ bxc5+ 52. Kc4 e5 53. fxe5+ Kxe5 54. a4 Kd6 55. a5 (
55. Kb5) 55... Kc6 56. a6 Kb6 57. a7 Kxa7 58. Kxc5 Kb7 59. Kd6 Kc8 60. Ke7 $18)
51. c5 (51. gxf6+ {considered} Kxf6 52. a4 $1 {Komodo12} (52. Ke4 {Komodo12}
Ke7 (52... e5 53. fxe5+ Ke6 54. a4 g5 55. c5 bxc5 56. a5 $18) 53. Ke5 Kd7 54.
Kf6 $18) (52. c5 bxc5+ 53. Kxc5 e5 54. fxe5+ Kxe5 55. a4 g5 $11 {seen}) 52...
Kf5 53. c5 bxc5+ 54. Kxc5 Kxf4 55. a5 g5 56. a6 g4 57. a7 g3 58. a8=Q $18)
51... e5+ (51... bxc5+ 52. Kxc5 e5 53. fxe5 fxg5 54. a4 $18 (54. Kd4 $18 {both
Nalimov tablebases})) 52. fxe5 bxc5+ 53. Kd5 $11 {one of those bright ideas-
somehow Wh had calculated that when the g pawn moved forward and the Wh K gave
chase, that Bl could capture the e pawn & be able to catch the a pawn as well.}
(53. Kxc5 $18 fxg5 (53... fxe5 54. Kd5 $18) (53... f5 54. Kd5 $18) 54. a4 $18 (
54. Kd4 $18 {as above} g4 55. a4 g3 56. Ke3 Ke6 57. a5 Kxe5 58. a6 {and the
pawn can't be caught})) 53... fxg5 54. a4 $19 (54. Kxc5 {only move to
draw-Lomonosov tablebases}) 54... g4 55. Ke4 g3 (55... c4 56. a5 g3 57. Ke3 c3
58. a6 c2 59. Kd2 g2 60. a7 c1=Q+ 61. Kxc1 g1=Q+) 56. Kf3 (56. Ke3 g2 57. Kf2
c4 {Wh keeps being a move behind} 58. a5 c3 59. a6 c2 60. a7 g1=Q+ (60... c1=Q
61. a8=Q g1=Q+ 62. Ke2 Qce3# {Komodo12}) 61. Kxg1 c1=Q+ $19) 56... c4 57. a5 c3
58. a6 c2 59. a7 c1=Q 0-1

[Event "WPL:Cardigan-White Knights"]
[Site "www.chesscube.com"]
[Date "2018.12.02"]
[Round "2.5"]
[White "May, Adam J"]
[Black "Watkin-Jones, Adam"]
[Result "1/2-1/2"]
[WhiteElo "1897"]
[BlackElo "1794"]
[Annotator "kemen"]
[PlyCount "57"]
[EventDate "2018.??.??"]

1. c4 e5 2. g3 Nc6 3. Nc3 g6 4. Bg2 Bg7 5. e4 d6 6. Nge2 Be6 7. d3 Qd7 8. Nd5
Nd4 (8... Nce7) (8... Nd8 {main lines}) 9. Nxd4 exd4 10. Bd2 (10. Nf4 {main})
10... c6 11. Nf4 Ne7 (11... Nf6 {Komodo12}) 12. O-O O-O 13. b4 (13. Nxe6 $16 {
Stockfish9 & Komodo12} Qxe6 14. b4 (14. Qc2 f5 15. Rae1 Rfe8 16. Bh3 Qf7 17.
Bb4 Rad8 18. Qa4 f4 19. f3 Be5 20. Kg2 $14 {Czech-Reuschel, Hessen ch VMT
Willingen 2001,1-0}) (14. f4 d5 15. exd5 cxd5 16. Bb4 Rfe8 17. Re1 Qd7 18. Bxe7
Rxe7 19. Rxe7 Qxe7 20. Bxd5 $16 {Sherwood-Wedding, IECG 2001,1-0}) 14... f5 15.
Qb3 Rab8 16. Rae1 Qf7 17. b5 $16 {O'Kelly de Galway-Niebling, Bundesliga 1975,
1-0}) 13... h6 (13... d5 14. Nxe6 fxe6 15. Qb3 dxe4 16. Bxe4 Nf5 17. Rae1 Rae8
18. Re2 $16 {Komodo12}) 14. a4 g5 (14... Bg4 15. f3 Be6 16. Nxe6 $16 {
Stockfish9}) (14... Rfe8 15. Nxe6 Qxe6 16. f4 $16 {Komodo12}) 15. Nxe6 Qxe6 {
Komodo12} (15... fxe6 16. Qg4 $16 {Stockfish9}) 16. f4 $16 {Komodo12} (16. Rb1
$16 {Stockfish9}) 16... gxf4 17. Rxf4 f5 (17... Ng6 {Komodo12 ,Stockfish9 &
Rudy} 18. Rf5 Ne5 19. Qe2 $16) 18. Bh3 (18. exf5 Nxf5 19. Qg4 Rae8 20. Re4 Qc8
21. Bh3 $18 {Komodo12}) (18. b5 fxe4 19. Rxe4 Qd7 20. Qh5 $18 {Stockfish9})
18... Qg6 19. exf5 (19. Qe2 {both Engines come near to giving this as winning
for Wh}) (19. Bg2 $18 {Komodo12}) 19... Nxf5 20. Bxf5 (20. Qg4 Qxg4 21. Rxg4
Ne3 22. Rg6 Rf6 23. Rxf6 Bxf6 24. a5 $14 {Komodo12}) 20... Rxf5 21. Rg4 (21.
Rxf5 Qxf5 22. Qe2 Rf8 23. Bf4 Qg6 24. Rf1 $14 {Komodo12}) 21... Qe6 $11 {both
Engines} 22. Rf4 Re8 {Stockfish9} (22... Raf8 {Komodo12}) 23. Rxf5 Qxf5 24. Qf1
Qxf1+ (24... Qg4 {considered} 25. Re1 $11) 25. Kxf1 Kf7 26. Re1 Rxe1+ 27. Kxe1
h5 28. Ke2 Ke6 29. h3 $11 1/2-1/2

[Event "WPL:Cardigan-White Knights"]
[Site "www.chesscube.com"]
[Date "2018.12.02"]
[Round "2.6"]
[White "Haigh, Tony"]
[Black "Bevan, Peter M"]
[Result "0-1"]
[WhiteElo "1792"]
[BlackElo "1892"]
[Annotator "kemen"]
[PlyCount "68"]
[EventDate "2018.??.??"]

1. d4 Nf6 2. Bg5 c5 (2... g6 3. Bxf6 exf6 4. e3 Bg7 5. g3 c6 6. Bg2 Qb6 7. b3
d5 8. Nd2 Be6 9. Ne2 f5 10. O-O {Haigh-Bevan, SW Autumn, Pencoed 2016,1-0}) (
2... d5 3. c4 e6 4. Nc3 Nbd7 5. e3 Be7 6. cxd5 exd5 7. Bd3 O-O {Haigh-Bevan,
WCPL 2017,1/2-1/2}) 3. Bxf6 gxf6 4. d5 Qb6 5. Qc1 f5 6. g3 (6. c4 {main}) (6.
e3 Bg7 7. c3 e5 8. Nh3 d6 9. g3 Nd7 10. Bg2 e4 11. Nf4 c4 {Haigh-G Jones,
Dyfed League 2014,1-0} (11... Ne5 $15)) 6... Bg7 7. c3 d6 8. Bg2 (8. e3 Nd7 9.
Nd2 Ne5 10. Qc2 e6 11. dxe6 fxe6 12. O-O-O {Haigh-French, Dyfed Open 2018,0-1})
8... Nd7 9. e3 (9. Nh3) (9. Nd2 {main lines}) 9... Ne5 $17 10. Bf1 e6 11. Nh3 (
11. Nd2 exd5 12. Ngf3 Bd7 13. Qc2 O-O {Pua-Porper, Calgary op 2013, 0-1}) (11.
dxe6 Bxe6 $19 {Komodo12} (11... Qc6 12. exf7+ Kxf7 13. f3 Bh6 $17)) (11. Be2
exd5 $17 {Cloud Engines}) 11... exd5 $17 (11... Nf3+ 12. Ke2 Ne5 $17 {Komodo12}
) 12. Nd2 Be6 (12... d4 $17 {Komodo12}) 13. Nf4 O-O (13... Bh6 $5) 14. Bg2 d4
$17 15. cxd4 cxd4 16. exd4 Rac8 17. Qd1 Qxd4 (17... Qxb2 18. O-O (18. dxe5 $2
Qxe5+ 19. Kf1 Qxa1 $18) 18... Qxd4 $17 {Komodo12}) 18. O-O b6 (18... Qxb2) 19.
b3 Nd3 (19... Bd7) 20. Nxd3 Qxd3 21. Rc1 (21. Nf3 Qxd1 22. Raxd1 Rfd8 23. Nd4
$15 {Komodo12- the Bl pawns are not all that wonderful}) 21... Rxc1 22. Qxc1
Rc8 23. Qd1 Rc2 (23... d5) 24. Nc4 Bxc4 (24... Qxd1 25. Rxd1 Rxa2 26. Bd5 Ra1
27. Rxa1 Bxa1 28. Bxe6 fxe6 29. Nxd6 a6 $17 {Komodo12- Bl retains a Q side
majority}) 25. bxc4 Qxd1 (25... Qxc4 26. Qxd6 h6 27. Qd7 $11 {Komodo12}) 26.
Rxd1 Rxa2 (26... Rxc4 27. Rxd6 Bf8 28. Rd5 Rc1+ 29. Bf1 f4 30. gxf4 Bc5 31. Rd2
$11 {Komodo12}) 27. Rxd6 (27. Bd5 $17 {Komodo12- keeps the B active}) 27...
Ra1+ 28. Bf1 Bc3 (28... Bf8 $19 {Komodo12}) 29. Rd3 (29. Kg2 {Komodo12} Bb4 30.
Rf6 Bc5 31. Rxf5 a5 32. Be2 Kg7 $17 (32... a4 $17)) 29... Bb4 30. Kg2 a5 31.
Rd8+ (31. Rf3 a4 32. Rxf5 a3 $19) 31... Kg7 $19 32. Bd3 Bc5 33. Ra8 Ra2 34. Kf3
(34. h4 Rxf2+ 35. Kh3 Rf3 36. Bb1 f4 37. Kg4 Rb3 38. Be4 fxg3 $19 (38... f3 39.
Bxf3 f5+ 40. Kxf5 Rxf3+ $19)) 34... Rxf2# 0-1